[Event "LUX-ch U18"]
[Site "Bonnevoie"]
[Date "2000.02.27"]
[Round "2"]
[White "Majerus, Samuel"]
[Black "Ramdedovic, Mirza"]
[Result "0-1"]
[WhiteElo "1317"]
[BlackElo "1380"]
[PlyCount "180"]
[EventDate "2000.02.26"]
[EventType "swiss"]
[EventRounds "7"]
[EventCountry "LUX"]
[SourceTitle "EXT 2005"]
[Source "ChessBase"]
[SourceDate "2004.11.15"]
[SourceVersion "1"]
[SourceVersionDate "2004.11.15"]
[SourceQuality "1"]

1. Nf3 Nc6 2. g3 e5 3. Bg2 Bc5 4. 0-0 Nf6 5. d3 d6 6. Nc3 0-0 7. Bg5 Be6 8. Ne4 Re8 9. Nxf6+ gxf6 10. Bh6 d5 11. c3 Bf8 12. Qd2 Re7 13. Be3 Bg7 14. Bc5 Rd7 15. d4 Bf8 16. Bxf8 Qxf8 17. dxe5 fxe5 18. Qg5+ Qg7 19. Qe3 e4 20. Nh4 Kf8 21. Qf4 Ke8 22. Qd2 h6 23. Rad1 Qg5 24. Qc2 Rad8 25. e3 Qg7 26. Qb3 b6 27. Qa4 Rd6 28. c4 Qxb2 29. cxd5 Bxd5 30. Nf5 Rf6 31. Ng7+ Ke7 32. Nh5 Rfd6 33. Rb1 Qxa2 34. Qxa2 Bxa2 35. Rbc1 Bd5 36. Ng7 Kf6 37. Nh5+ Ke5 38. f4+ Kf5 39. Bh3+ Kg6 40. Bg4 Be6 41. Be2 Bh3 42. Rfe1 f5 43. Kh1 Bg4 44. Bb5 Nb4 45. Rxc7 Bxh5 46. Rxa7 Kf6 47. Rc1 Rd1+ 48. Rxd1 Rxd1+ 49. Kg2 Bf3+ 50. Kh3 Nd3 51. Ba4 Ra1 52. Ra6 Ke7 53. Ra7+ Kd6 54. Ra6 Kc7 55. Ra7+ Kb8 56. Ra6 Kb7 57. Bc2 Kxa6 58. Kh4 b5 59. Bb3 b4 60. Kh3 Rd1 61. g4 fxg4+ 62. Kg3 Rb1 63. Bc2 Rb2 64. Ba4 b3 65. f5 Rb1 66. f6 Ne5 67. Kf4 Nf7 68. Be8 b2 69. Bxf7 Rd1 70. Ba2 b1Q 71. Bxb1 Rxb1 72. f7 Rb8 73. Kf5 Kb5 74. Kg6 Kc4 75. Kxh6 Kd3 76. Kg7 Kxe3 77. Kf6 Kf2 78. Ke7 Kg2 79. h4 g3 80. h5 Bxh5 81. f8Q Rxf8 82. Kxf8 e3 83. Kg7 e2 84. Kh6 e1Q 85. Kxh5 Qe5+ 86. Kg4 Qf4+ 87. Kh5 Qf8 88. Kg4 Kf2 89. Kg5 g2 90. Kg6 g1Q+ 0-1

[Event "LUX-ch U18"]
[Site "Bonnevoie"]
[Date "2000.02.26"]
[Round "1"]
[White "Ramdedovic, Mirza"]
[Black "Biwer, Joel"]
[Result "0-1"]
[WhiteElo "1380"]
[BlackElo "1891"]
[PlyCount "72"]
[EventDate "2000.02.26"]
[EventType "swiss"]
[EventRounds "7"]
[EventCountry "LUX"]
[SourceTitle "EXT 2005"]
[Source "ChessBase"]
[SourceDate "2004.11.15"]
[SourceVersion "1"]
[SourceVersionDate "2004.11.15"]
[SourceQuality "1"]

1. e4 e6 2. Nf3 d5 3. exd5 exd5 4. Be2 Be6 5. d4 Bd6 6. Nc3 c6 7. Ng5 Nf6 8. 0-0 Bf5 9. Re1 0-0 10. Bd3 Bxd3 11. Qxd3 Qc7 12. Nf3 Nbd7 13. Qf5 Rfe8 14. Bg5 g6 15. Qh3 h5 16. Ne2 Re6 17. Qh4 Rae8 18. Kf1 Re4 19. Qh3 Ng4 20. g3 Qb6 21. Rab1 Qa6 22. Nfg1 Rxd4 23. a3 Rd2 24. Bxd2 Qc4 25. c3 Nde5 26. Qh4 Nd3 27. Red1 Ndxf2 28. Rdc1 Ne4 29. Ke1 Qd3 30. Bg5 Bc5 31. Nh3 Nxg5 32. Nhf4 Rxe2+ 33. Nxe2 Nf3+ 34. Kf1 Nd2+ 35. Kg2 Qf3+ 36. Kh3 Nf2# 0-1